[Event "Detroit op"]
[Site "Detroit"]
[Date "2003.02.15"]
[Round "4"]
[White "Morley, Casey"]
[Black "Nolan, Scott"]
[Result "1-0"]
[WhiteElo "1255"]
[BlackElo "1175"]
[PlyCount "77"]
[EventDate "2003.02.15"]
[EventType "swiss"]
[EventRounds "4"]
[EventCountry "USA"]
[SourceTitle "EXT 2007"]
[Source "ChessBase"]
[SourceDate "2006.11.23"]
[SourceVersion "1"]
[SourceVersionDate "2006.11.23"]
[SourceQuality "1"]

1. e4 c5 2. Nf3 d6 3. d4 cxd4 4. Nxd4 g6 5. c4 Bg7 6. Nc3 Nc6 7. Be3 Nf6 8. f3 0-0 9. Qd2 Rb8 10. h4 Bd7 11. g4 Nxd4 12. Bxd4 Bxg4 13. fxg4 Nxg4 14. Bxg7 Kxg7 15. h5 Nh6 16. hxg6 fxg6 17. Qxh6+ Kf6 18. Nd5+ Ke5 19. Qg5+ Kd4 20. Rd1+ Kc5 21. Nxe7+ Kb6 22. Nd5+ Kc5 23. Qe3+ Kc6 24. Nb4+ Kc7 25. Rxh7+ Qd7 26. Rxd7+ Kxd7 27. Bh3+ Kc7 28. c5 Rbd8 29. cxd6+ Kb8 30. Qg3 Ka8 31. Qxg6 Kb8 32. d7 Ka8 33. Rc1 Kb8 34. Qd6+ Ka8 35. Qxf8 a6 36. Rc8+ Rxc8 37. dxc8Q+ Ka7 38. Qfc5+ b6 39. Q5c7# 1-0